Сопротивление при медленном движении эллипсоида; Известия Томского политехнического университета [Известия ТПУ]; Т. 307, № 3
| Parent link: | Известия Томского политехнического университета [Известия ТПУ]/ Томский политехнический университет (ТПУ).— , 2000- Т. 307, № 3.— 2004.— [С. 17-21] |
|---|---|
| Glavni avtor: | |
| Drugi avtorji: | |
| Izvleček: | Заглавие с титульного листа Электронная версия печатной публикации На основе применения преобразования простого растяжения-сжатия указана методика распространения решений задач, связанных с течениями несжимаемой вязкой жидкости в присутствии сферы, на варианты, когда сфера заменяется трехосным эллипсоидом. Решена задача о медленном обтекании эллипсоида, указана простая расчетная формула для его сопротивления. Показано удовлетворительное совпадение с литературными данными, соответствующими предельным случаям. |
| Jezik: | ruščina |
| Izdano: |
2004
|
| Serija: | Естественные науки |
| Teme: | |
| Online dostop: | http://www.lib.tpu.ru/fulltext/v/Bulletin_TPU/2004/v307/i3/04.pdf |
| Format: | Elektronski Book Chapter |
| KOHA link: | https://koha.lib.tpu.ru/cgi-bin/koha/opac-detail.pl?biblionumber=169065 |
MARC
| LEADER | 00000nla2a2200000 4500 | ||
|---|---|---|---|
| 001 | 169065 | ||
| 005 | 20231031163307.0 | ||
| 035 | |a (RuTPU)RU\TPU\book\183401 | ||
| 035 | |a RU\TPU\book\183400 | ||
| 090 | |a 169065 | ||
| 100 | |a 20091106d2004 k y0rusy50 ca | ||
| 101 | 0 | |a rus | |
| 102 | |a RU | ||
| 135 | |a drnn ---uucaa | ||
| 181 | 0 | |a i | |
| 182 | 0 | |a b | |
| 200 | 1 | |a Сопротивление при медленном движении эллипсоида |b Электронный ресурс |f И. В. Дудин, Р. К. Нариманов | |
| 203 | |a Текст |c электронный | ||
| 215 | |a 1 файл (300 Кб) | ||
| 225 | 1 | |a Естественные науки | |
| 230 | |a Электронные текстовые данные (1 файл : 300 Кб) | ||
| 300 | |a Заглавие с титульного листа | ||
| 300 | |a Электронная версия печатной публикации | ||
| 320 | |a [Библиогр.: с. 21 (3 назв.)] | ||
| 330 | |a На основе применения преобразования простого растяжения-сжатия указана методика распространения решений задач, связанных с течениями несжимаемой вязкой жидкости в присутствии сферы, на варианты, когда сфера заменяется трехосным эллипсоидом. Решена задача о медленном обтекании эллипсоида, указана простая расчетная формула для его сопротивления. Показано удовлетворительное совпадение с литературными данными, соответствующими предельным случаям. | ||
| 337 | |a Adobe Reader | ||
| 461 | 1 | |0 (RuTPU)RU\TPU\book\176237 |t Известия Томского политехнического университета [Известия ТПУ] |f Томский политехнический университет (ТПУ) |d 2000- | |
| 463 | 1 | |0 (RuTPU)RU\TPU\book\183391 |t Т. 307, № 3 |v [С. 17-21] |d 2004 |p 191 с. | |
| 610 | 1 | |a сопротивления | |
| 610 | 1 | |a медленные движения | |
| 610 | 1 | |a эллипсоиды | |
| 610 | 1 | |a растяжение | |
| 610 | 1 | |a сжатие | |
| 610 | 1 | |a методики | |
| 610 | 1 | |a решение задач | |
| 610 | 1 | |a течения | |
| 610 | 1 | |a несжимаемые жидкости | |
| 610 | 1 | |a вязкие жидкости | |
| 610 | 1 | |a сферы | |
| 610 | 1 | |a трехосный эллипсоид | |
| 610 | 1 | |a обтекание | |
| 610 | 1 | |a расчетные формулы | |
| 610 | 1 | |a литературные данные | |
| 610 | 1 | |a электронный ресурс | |
| 700 | 1 | |a Дудин |b И. В. | |
| 701 | 1 | |a Нариманов |b Р. К. | |
| 801 | 1 | |a RU |b 63413507 |c 20090623 |g PSBO | |
| 801 | 2 | |a RU |b 63413507 |c 20210601 |g PSBO | |
| 856 | 4 | |u http://www.lib.tpu.ru/fulltext/v/Bulletin_TPU/2004/v307/i3/04.pdf | |
| 942 | |c CF | ||